Normal view MARC view

Entry Nome pessoal

Number of records used in: 1

001 - NÚMERO DE CONTROLE

  • campo de controle: 757

003 - IDENTIFICADOR DO NÚMERO DE CONTROLE

  • campo de controle: Br

005 - DATA E HORÁRIO DA ÚLTIMA TRANSAÇÃO

  • campo de controle: 20250402075928.0

008 - CAMPO DE DADOS FIXOS

  • campo de controle de tamanho fixo: 971010n| acnnnaab| aaaa |d

035 ## - NÚMERO DE CONTROLE DO SISTEMA

  • Número de Controle do Sistema: 97101019295791004

040 ## - FONTE DA CATALOGAÇÃO

  • Instituição da catalogação original: Br
  • Instituição que transcreveu o registro: Br

100 1# - CABEÇALHO--NOME PESSOAL

  • Nome pessoal: Tolstoi, Liev
  • Datas associadas ao nome: 1828- 1920

400 1# - REMISSIVA VER--NOME PESSOAL

  • Nome pessoal: Tolstoy, Léon
  • Títulos e outras palavras associadas a um nome: (Espírito)

665 ## - NOTA DE REFERÊNCIA HISTÓRICA

  • Histórico de referências: Autor de: Sublimação. 1994.

670 ## - FONTE POSITIVA DOS DADOS

  • Citação da fonte positiva dos dados: Liv. cat.

675 ## - FONTE NEGATIVA DOS DADOS

  • Citação da fonte positiva dos dados: CA-FGV

Powered by Koha